[Event "AUTO-OPEN-1111"]
[Site "http://www.queenalice.com/game.php?id=394945"]
[Date "2008.4.28"]
[Round "1"]
[White "ColdruX"]
[Black "KarlHeinzSwindler"]
[Result "0-1"]
[WhiteElo "1607"]
[BlackElo "1730"]

1. e4 e5 2. Bc4 Nf6 3. Nc3 Nc6 4. Nf3 Be7 5. Ng5 d5 6. Nxd5 O-O 7. Nxe7+ Qxe7 8.
d3 a6 9. c3 h6 10. Nf3 b5 11. Bd5 Nxd5 12. exd5 Nd8 13. O-O c6 14. Re1 f6 15.
dxc6 Nxc6 16. c4 bxc4 17. dxc4 Rd8 18. Qc2 Nd4 19. Qc3 Bb7 20. Nxd4 Qc5 21. Ne6
Qc6 22. Nxd8 Qxg2# 0-1

[Event "AUTO-OPEN-1111"]
[Site "http://www.queenalice.com/game.php?id=394946"]
[Date "2008.4.28"]
[Round "1"]
[White "KarlHeinzSwindler"]
[Black "ColdruX"]
[Result "1/2-1/2"]
[WhiteElo "1802"]
[BlackElo "1689"]

1. e4 e5 2. Nf3 d6 3. Nc3 h6 4. Be2 a6 5. O-O Nc6 6. b3 Nf6 7. Ba3 Be6 8. d4
exd4 9. Nxd4 Nxd4 10. Qxd4 Be7 11. e5 dxe5 12. Qxd8+ Rxd8 13. Bxe7 Kxe7 14. Rad1
Nd5 15. Nxd5+ Rxd5 16. Bc4 Rxd1 17. Rxd1 Bxc4 18. bxc4 f6 19. c5 Rd8 20. Re1 Rd2
21. f4 Rxc2 22. fxe5 Rxa2 23. g4 Rc2 24. exf6+ Kxf6 25. Rf1+ Kg5 26. h3 Rxc5 27.
Rf7 b5 28. Rxg7+ Kh4 29. Kg2 Rc2+ 30. Kf3 Kxh3 31. Rh7 Rc3+ 32. Kf4 Rc4+ 33. Kf5
Kg3 34. Rxh6 Rf4+ 35. Ke6 Rxg4 36. Kd7 a5 37. Kxc7 Rg7+ 38. Kb6 a4 39. Kxb5 Ra7
40. Rh1 a3 41. Ra1 Kf3 42. Kb4 a2 43. Kb3 Ke3 44. Rxa2 Rb7+ 45. Kc3 1/2-1/2

[Event "AUTO-OPEN-1111"]
[Site "http://www.queenalice.com/game.php?id=394971"]
[Date "2008.4.28"]
[Round "1"]
[White "josecastroman"]
[Black "KarlHeinzSwindler"]
[Result "0-1"]
[WhiteElo "1962"]
[BlackElo "1743"]

1. e4 e5 2. Nf3 Nc6 3. Bc4 Nf6 4. Nc3 Be7 5. d3 O-O 6. Bg5 b6 7. Qd2 a6 8. a3 h6
9. Bh4 a5 10. h3 Ba6 11. O-O-O Bxc4 12. dxc4 Re8 13. g4 Bc5 14. g5 Nd4 15. Nxd4
exd4 16. gxf6 dxc3 17. Qxc3 Re6 18. Qg3 g6 19. f3 Be3+ 20. Kb1 g5 21. Qg2 d6 22.
Bf2 Bxf2 23. Qxf2 Qxf6 24. Rdg1 Qe7 25. h4 f6 26. hxg5 fxg5 27. Rh5 Rf8 28. Qg3
Rg6 29. f4 Rxf4 30. Qxf4 gxf4 31. Rxg6+ Kf8 32. Rhxh6 f3 33. Rh8+ Kf7 34. Rg1
Qxe4 35. b3 f2 36. Rc1 a4 37. Ka2 axb3+ 38. Kxb3 Qe3+ 0-1

[Event "AUTO-OPEN-1111"]
[Site "http://www.queenalice.com/game.php?id=394972"]
[Date "2008.4.28"]
[Round "1"]
[White "KarlHeinzSwindler"]
[Black "josecastroman"]
[Result "0-1"]
[WhiteElo "1771"]
[BlackElo "1962"]

1. e4 e5 2. Nf3 Nc6 3. Nc3 Bc5 4. Be2 Nf6 5. O-O a6 6. a3 d6 7. b4 Bb6 8. Nd5
Nxe4 9. Nxb6 cxb6 10. d4 O-O 11. d5 Ne7 12. c4 h6 13. Re1 Nc3 14. Qc2 Nxe2+ 15.
Rxe2 Bf5 16. Qd1 Bg4 17. Qd3 f5 18. Qc3 e4 19. Bb2 Rf7 20. Rae1 exf3 21. gxf3
Bh5 22. Re6 Qd7 23. Rxh6 Bxf3 24. b5 Bg4 25. Re3 f4 26. Re4 Qf5 27. Rhe6 Qg5 28.
Kf1 Bxe6 29. Rxe6 Nf5 30. a4 a5 31. Re4 Nh4 32. c5 Qg2+ 33. Ke2 Qxe4+ 34. Kf1
Qg2+ 35. Ke2 Re8+ 36. Kd2 Qxf2+ 37. Kd3 Re3+ 38. Kd4 Rxc3+ 0-1

[Event "AUTO-OPEN-1111"]
[Site "http://www.queenalice.com/game.php?id=394989"]
[Date "2008.4.28"]
[Round "1"]
[White "KarlHeinzSwindler"]
[Black "wallt"]
[Result "1-0"]
[WhiteElo "1789"]
[BlackElo "1671"]

1. e4 e5 2. d4 Bd6 3. Nf3 Qe7 4. Be2 h6 5. Nc3 exd4 6. Nxd4 c5 7. Nf5 Qe5 8.
Nxd6+ Kf8 9. Nxc8 Nf6 10. O-O Ne8 11. Re1 Kg8 12. Qd5 Nc6 13. Qxe5 Nxe5 14. Bf4
Ng6 15. Nd6 Nxf4 16. Nxb7 d6 17. Nb5 Nxe2+ 18. Rxe2 a6 19. N5xd6 Nxd6 20. Nxd6
Ra7 21. Rd1 Kh7 22. Red2 Rd7 23. Nc4 Re7 24. e5 h5 25. Rd7 Rhe8 26. Rxe7 Rxe7
27. f4 h4 28. g3 hxg3 29. hxg3 Rc7 30. Rd6 Ra7 31. c3 a5 32. g4 a4 33. b3 axb3
34. axb3 Ra1+ 35. Kg2 Ra2+ 36. Kf3 Rc2 37. Rd3 Rh2 38. Ke4 Rg2 39. g5 Rg1 40.
Kd5 Kg6 41. Kxc5 Kf5 42. Nd6+ Kxf4 43. Nxf7 Rf1 44. Rd6 Ke4 45. e6 Rc1 46. c4
Re1 47. g6 Kf5 48. Nd8 Kf6 49. Rd7 Re3 50. e7 Kxg6 51. Nc6 Kf7 52. Rd8 g5 53.
Rf8+ Kg6 54. e8=Q+ Rxe8 55. Rxe8 g4 56. Re1 Kg5 57. Rg1 Kf4 58. Kd4 g3 59. Rxg3
Kxg3 60. b4 Kg2 61. b5 1-0

[Event "AUTO-OPEN-1111"]
[Site "http://www.queenalice.com/game.php?id=394990"]
[Date "2008.4.28"]
[Round "1"]
[White "wallt"]
[Black "KarlHeinzSwindler"]
[Result "1-0"]
[WhiteElo "1512"]
[BlackElo "1762"]

1. e4 e5 2. Bc4 c6 3. Qf3 Nf6 4. d3 b5 5. Bb3 a5 6. a4 Ba6 7. Ne2 Be7 8. axb5
Bxb5 9. c4 Ba6 10. O-O Bb7 11. Qg3 O-O 12. Bh6 Nh5 13. Qg4 f5 14. exf5 Bf6 15.
Nbc3 Qe8 16. Ng3 Nxg3 17. Qxg3 Rf7 18. Ne4 Qe7 19. c5 Kf8 20. Bxf7 Qxf7 21. Bd2
Be7 22. Qxe5 Bf6 23. Nxf6 gxf6 24. Bh6+ Kg8 25. Qg3+ Kh8 26. Rfe1 d5 27. Re8+
Qxe8 28. Qg7# 1-0

[Event "AUTO-OPEN-1147"]
[Site "http://www.queenalice.com/game.php?id=410109"]
[Date "2008.5.30"]
[Round "1"]
[White "chicalleje"]
[Black "KarlHeinzSwindler"]
[Result "0-1"]
[WhiteElo "2064"]
[BlackElo "1762"]

1. e4 e5 2. Nf3 Nc6 3. Bb5 Nf6 4. O-O Nxe4 5. Bxc6 bxc6 6. Re1 d5 7. d3 Nf6 8.
Nxe5 Be7 9. Nxc6 Qd6 10. Nxe7 Be6 11. Nf5 Qf8 12. Nd4 Qd6 13. Bg5 Qb4 14. Nxe6
fxe6 15. Bxf6 gxf6 16. Rxe6+ Kd7 17. Rxf6 Qxb2 18. Nd2 Qxf6 0-1

[Event "AUTO-OPEN-1147"]
[Site "http://www.queenalice.com/game.php?id=410110"]
[Date "2008.5.30"]
[Round "1"]
[White "KarlHeinzSwindler"]
[Black "chicalleje"]
[Result "0-1"]
[WhiteElo "1797"]
[BlackElo "1999"]

1. e4 c5 2. Nf3 e6 3. d4 cxd4 4. Nxd4 Nf6 5. Nc3 a6 6. Be2 Nc6 7. O-O Bb4 8. Bf3
Ne5 9. a3 Bxc3 10. bxc3 b5 11. Bg5 Bb7 12. Re1 h6 13. Bxf6 Qxf6 14. Rb1 O-O 15.
a4 Rfc8 16. axb5 Rxc3 17. b6 Rac8 18. Rb3 Rxb3 19. cxb3 Nxf3+ 20. Nxf3 Qd8 21.
Qd4 Rc6 22. Nd2 Rxb6 23. f3 Rc6 24. Qb4 Qb6+ 25. Qxb6 Rxb6 26. Kf2 d5 27. exd5
Bxd5 28. Rb1 f5 29. f4 Rb4 30. g3 Kf7 31. h3 Kf6 32. g4 Rxf4+ 33. Ke3 Rb4 34.
gxf5 Kxf5 35. h4 g5 36. hxg5 hxg5 37. Kd3 Be4+ 38. Kc3 a5 39. Ra1 Rb5 40. Kc4
Rd5 41. Rf1+ Ke5 42. Rd1 g4 43. Kc3 Rc5+ 44. Nc4+ Kf4 45. Kb2 g3 46. Rf1+ Kg5
47. Ne3 Kg6 48. Rg1 Rg5 49. Kc3 Bd5 50. Kb2 Kf6 51. Ka3 Bc6 52. Rf1+ Ke5 53. Nc2
g2 54. Rg1 Rh5 55. Ne3 Rh1 56. Ng4+ Kf4 0-1

[Event "AUTO-OPEN-1147"]
[Site "http://www.queenalice.com/game.php?id=410133"]
[Date "2008.5.30"]
[Round "1"]
[White "KarlHeinzSwindler"]
[Black "Letycia"]
[Result "1-0"]
[WhiteElo "1793"]
[BlackElo "1295"]

1. e4 e5 2. Nf3 Bd6 3. d4 Bb4+ 4. c3 Bd6 5. dxe5 Bc5 6. Be2 Nc6 7. O-O d6 8. b4
Bb6 9. a4 a5 10. b5 Nce7 11. Bf4 Ng6 12. g3 Nxf4 13. gxf4 Bh3 14. Re1 Be6 15. f5
Bd7 16. exd6 cxd6 17. Qxd6 Rc8 18. Rd1 Qc7 19. Ne5 Be6 20. fxe6 Rd8 21. exf7+
1-0

[Event "AUTO-OPEN-1147"]
[Site "http://www.queenalice.com/game.php?id=410134"]
[Date "2008.5.30"]
[Round "1"]
[White "Letycia"]
[Black "KarlHeinzSwindler"]
[Result "0-1"]
[WhiteElo "1296"]
[BlackElo "1800"]

1. e4 e5 2. Bd3 Nf6 3. Nf3 Nc6 4. O-O d5 5. c4 dxe4 6. Qe2 exd3 7. Qe3 e4 8. Nc3
b6 9. Nxe4 Nxe4 10. Qxe4+ Be7 11. Qxc6+ Bd7 12. Qb7 O-O 13. Ne5 Bf5 14. Nc6 Qd6
15. Nxa7 Rfb8 16. Qa6 c6 17. Qa3 Qe5 18. Nxc6 Qe2 19. Nxe7+ Kh8 20. Nxf5 Rxa3
21. bxa3 g6 22. Bb2+ Kg8 23. Ne7+ Qxe7 24. Rfe1 Qd7 25. g3 Rc8 26. Rac1 h5 27.
Re3 Rc5 28. Rc3 h4 29. Rcxd3 Qc8 30. Bd4 Rg5 31. Bxb6 Kg7 32. a4 Qxc4 33. Rd4
Qxa2 34. Bd8 h3 35. Re1 Re5 36. Rf1 Re2 37. d3 Re3 38. Rh4 Qe6 39. Ba5 g5 40.
Bd2 Rxd3 41. Rd1 gxh4 42. gxh4 Rxd2 43. Rxd2 Qe1# 0-1

[Event "Challenge"]
[Site "http://www.queenalice.com/game.php?id=433107"]
[Date "2008.7.14"]
[Round "-"]
[White "KarlHeinzSwindler"]
[Black "trajan42"]
[Result "0-1"]
[WhiteElo "1795"]
[BlackElo "2053"]

1. e4 e6 2. d4 d5 3. Nc3 Bb4 4. e5 c5 5. a3 Bxc3+ 6. bxc3 Ne7 7. Nf3 O-O 8. Be2
Nbc6 9. O-O Qc7 10. Rb1 c4 11. a4 f6 12. Bf4 Ng6 13. Qd2 Nxf4 14. Qxf4 fxe5 15.
Qh4 e4 16. Ng5 h6 17. Nh3 e5 18. Bg4 Bxg4 19. Qxg4 exd4 20. Qe6+ Qf7 21. Qxf7+
Rxf7 22. Rbd1 d3 23. cxd3 exd3 24. Rfe1 d4 25. cxd4 Nxd4 26. g3 Nf3+ 27. Kf1
Nxe1 28. Kxe1 Re8+ 29. Kd2 Re2+ 0-1

[Event "AUTO-ADV-1038"]
[Site "http://www.queenalice.com/game.php?id=463462"]
[Date "2008.9.15"]
[Round "1"]
[White "joffly"]
[Black "KarlHeinzSwindler"]
[Result "0-1"]
[WhiteElo "1698"]
[BlackElo "1802"]

1. c4 c5 2. Nc3 e5 3. g3 d6 4. Bg2 Nf6 5. d3 Nc6 6. Nf3 Be7 7. O-O O-O 8. a3 b6
9. a4 a5 10. Nb5 Ba6 11. Be3 Ng4 12. Bh3 Nxe3 13. fxe3 Re8 14. d4 Bxb5 15. cxb5
Nb4 0-1

[Event "AUTO-ADV-1038"]
[Site "http://www.queenalice.com/game.php?id=463463"]
[Date "2008.9.15"]
[Round "1"]
[White "KarlHeinzSwindler"]
[Black "joffly"]
[Result "1-0"]
[WhiteElo "1789"]
[BlackElo "1711"]

1. e4 c5 2. d4 cxd4 3. Qxd4 Nc6 4. Qd1 e5 5. Nf3 Nf6 6. Nc3 Bc5 7. h3 O-O 8. Bc4
a6 9. a3 b5 10. Be2 Bb7 11. b4 Bb6 12. O-O Nd4 13. Nxe5 Nxe4 14. Nxe4 Bxe4 15.
Bd3 1-0

[Event "AUTO-ADV-1038"]
[Site "http://www.queenalice.com/game.php?id=463478"]
[Date "2008.9.15"]
[Round "1"]
[White "micoprego"]
[Black "KarlHeinzSwindler"]
[Result "1-0"]
[WhiteElo "1844"]
[BlackElo "1818"]

1. e4 e5 2. Nf3 Nc6 3. Bb5 Nf6 4. Nc3 d5 5. Nxe5 a6 6. Nxc6 Qd7 7. Ne5 axb5 8.
Nxd7 Bxd7 9. Nxd5 Rc8 10. O-O Bc5 11. d4 Ba7 12. Re1 c6 13. Nf4 O-O 14. e5 Nd5
15. Nxd5 cxd5 16. c3 Rfe8 17. Qf3 Bc6 18. Qg4 f6 19. Bh6 g6 20. exf6 Kf7 21.
Re7+ Rxe7 22. fxe7 Re8 23. Re1 Rxe7 24. Qf4+ Ke8 25. Qf8+ Kd7 26. Rxe7+ Kd6 27.
Bf4# 1-0

[Event "AUTO-ADV-1038"]
[Site "http://www.queenalice.com/game.php?id=463479"]
[Date "2008.9.15"]
[Round "1"]
[White "KarlHeinzSwindler"]
[Black "micoprego"]
[Result "0-1"]
[WhiteElo "1799"]
[BlackElo "1930"]

1. e4 e5 2. Nc3 Nf6 3. Nf3 Nc6 4. d4 Bd6 5. d5 Ne7 6. Be2 c6 7. O-O cxd5 8. exd5
a6 9. Bg5 Nf5 10. Ne4 b5 11. Nxd6+ Nxd6 12. Nxe5 Bb7 13. Bf3 h6 14. Be3 Nfe4 15.
Bxe4 Nxe4 16. Qf3 Nf6 17. Rad1 Qe7 18. Ng4 Nxg4 19. Qxg4 Qf6 20. Qe4+ Kf8 21. c3
Re8 22. Qb4+ d6 23. Rfe1 Kg8 24. Bd4 Rxe1+ 25. Rxe1 Qg6 26. a4 Bxd5 27. f3 Bxf3
28. g3 Qc2 0-1

[Event "AUTO-ADV-1038"]
[Site "http://www.queenalice.com/game.php?id=463490"]
[Date "2008.9.15"]
[Round "1"]
[White "KarlHeinzSwindler"]
[Black "yclaudiu35"]
[Result "0-1"]
[WhiteElo "1785"]
[BlackElo "1834"]

1. e4 e5 2. d4 exd4 3. Qxd4 Nc6 4. Qd1 Bc5 5. Nf3 h6 6. Bd3 d6 7. O-O Ne5 8.
Nxe5 dxe5 9. Nc3 a6 10. a3 Nf6 11. Bd2 O-O 12. Nd5 Nxd5 13. exd5 Qxd5 14. Re1 c6
15. b4 Bd6 16. Be4 Qe6 17. h3 f5 18. Bd3 Rf6 19. c4 Rg6 20. g4 e4 21. f3 Qe5 22.
f4 Qf6 23. Be2 fxg4 24. hxg4 Bxg4 25. Bxg4 h5 26. Rxe4 Rxg4+ 27. Kf1 Bxf4 28.
Bxf4 Rxf4+ 29. Rxf4 Qxf4+ 30. Kg1 Rf8 31. Qxh5 Qd4+ 32. Kg2 Qxa1 0-1

[Event "AUTO-ADV-1038"]
[Site "http://www.queenalice.com/game.php?id=463491"]
[Date "2008.9.15"]
[Round "1"]
[White "yclaudiu35"]
[Black "KarlHeinzSwindler"]
[Result "1-0"]
[WhiteElo "1848"]
[BlackElo "1771"]

1. e4 e5 2. Nf3 Nc6 3. Bb5 Nf6 4. Bxc6 bxc6 5. d3 Bc5 6. Nxe5 Qe7 7. Nf3 Ng4 8.
O-O d5 9. d4 Bb6 10. exd5 cxd5 11. Re1 Be6 12. Nc3 O-O 13. Nxd5 Qd6 14. Nf4 Rfe8
15. Nxe6 fxe6 16. c4 e5 17. c5 Qd5 18. cxb6 cxb6 19. h3 Nf6 20. dxe5 Rad8 21.
Qxd5+ Nxd5 22. Bg5 Rc8 23. Nd4 Nb4 24. Re2 Nd3 25. Nb5 Rc5 26. Nxa7 Nxe5 27. Be3
Rd5 28. Bxb6 Rf8 29. a4 Nc4 30. a5 Nd6 31. Nc6 Rd3 32. Ne5 1-0

[Event "AUTO-OPEN-1147"]
[Site "http://www.queenalice.com/game.php?id=481144"]
[Date "2008.10.22"]
[Round "2"]
[White "KarlHeinzSwindler"]
[Black "whyBish"]
[Result "0-1"]
[WhiteElo "1758"]
[BlackElo "2123"]

1. e4 c5 2. c3 g6 3. d4 cxd4 4. cxd4 d5 5. e5 Bg7 6. Nf3 Bg4 7. Be2 Bxf3 8. Bxf3
Nc6 9. O-O e6 10. Nc3 Nge7 0-1

[Event "AUTO-OPEN-1147"]
[Site "http://www.queenalice.com/game.php?id=481151"]
[Date "2008.10.22"]
[Round "2"]
[White "plexus"]
[Black "KarlHeinzSwindler"]
[Result "1-0"]
[WhiteElo "2290"]
[BlackElo "1803"]

1. e4 e5 2. Bc4 Nf6 3. d3 Nc6 4. Nf3 Be7 5. O-O O-O 6. Re1 a6 7. a4 d5 8. exd5
Nxd5 9. Nxe5 Nxe5 10. Rxe5 Bd6 11. Rxd5 Qe7 12. Bg5 Bf5 13. Bxe7 1-0

[Event "AUTO-OPEN-1147"]
[Site "http://www.queenalice.com/game.php?id=481152"]
[Date "2008.10.22"]
[Round "2"]
[White "KarlHeinzSwindler"]
[Black "plexus"]
[Result "0-1"]
[WhiteElo "1801"]
[BlackElo "2291"]

1. e4 e5 2. Bc4 Nf6 3. Nf3 Nxe4 4. Nc3 Nc6 5. O-O Nxc3 6. dxc3 h6 7. Qd5 Qf6 8.
Re1 Bd6 9. b4 O-O 10. b5 Ne7 11. Qe4 Re8 12. Bd3 Ng6 0-1